[Event "St Louis IM"]
[Site "Saint Louis USA"]
[Date "2019.05.19"]
[Round "6.5"]
[White "Giannatos, Peter"]
[Black "Chiku-Ratte, Olivier-Kenta"]
[Result "0-1"]
[WhiteElo "2290"]
[BlackElo "2378"]
[PlyCount "96"]
[EventDate "2019.05.16"]
[EventType "tourn"]
[EventRounds "9"]
[EventCountry "USA"]
[EventCategory "3"]
[Source "ChessMix"]
[SourceDate "2019.06.01"]

1. e4 c5 2. Nf3 d6 3. Bb5+ Nd7 4. d4 a6 5. Bxd7+ Bxd7 6. O-O Bg4 {
B51: Sicilian: Moscow Variation (3 Bb5+) without 3...Bd7} (6... cxd4 7. Qxd4 e5
8. Qd3 h6 9. a4 Nf6 10. a5 Be7 11. c4 b5 12. axb6 Qxb6 13. Nc3 O-O 14. Be3 Qb7
15. h3 Rfc8 16. Nd2 Be6 17. Rfb1 a5 18. b3 Ra6 19. Ra2 Bd7 20. Rba1 {
1/2-1/2 (20) Wang,H (2730)-Nepomniachtchi,I (2763) St Petersburg 2018}) 7. d5
$146 ({Predecessor:} 7. dxc5 dxc5 8. Qxd8+ Rxd8 9. Ne5 Bh5 10. Be3 f6 11. g4
fxe5 12. gxh5 e6 13. Nd2 Nf6 14. f3 Nxh5 {
0-1 (46) Sarakauskas,G (2424)-Malisauskas,V (2459) Vilnius 2009}) 7... Nf6 8.
h3 Bh5 {White has an edge.} 9. Qe2 Qd7 10. Nbd2 g5 11. e5 dxe5 (11... Nxd5 $11
12. Ne4 O-O-O) 12. Re1 (12. c4 $14) 12... Qxd5 13. c4 Qd6 14. Qxe5 Qxe5 15.
Rxe5 (15. Nxe5 $11 g4 16. Ne4 Nxe4 17. hxg4) 15... Nd7 (15... h6 $1 $17 16.
Rxc5 e6) 16. Rxg5 $15 Bg6 $1 17. Ne5 f6 ({Black should play} 17... Bh6 $15 18.
Nxg6 hxg6) 18. Nxg6 $11 hxg6 19. Rg3 O-O-O 20. Ne4 Rh4 21. f3 Ne5 22. Be3 b6
23. b3 f5 24. f4 {Strongly threatening Ng5.} Bg7 25. Rf1 (25. Rb1 $1 $11) 25...
Ng4 $1 $15 26. hxg4 fxe4 27. Re1 (27. Kf2 $15) 27... Bc3 $1 $36 {
White is under strong pressure.} 28. Rc1 Bf6 (28... Rd3 $17) 29. Kf2 g5 30. Ke2
({Better is} 30. fxg5 $15 Be5 31. Rh3 Rxg4 32. Re1) 30... gxf4 31. Bxf4 Rg8 $1
32. Rf1 (32. Rh3 $17) 32... Rhxg4 $19 33. Rxg4 Rxg4 {Endgame KRB-KRB} 34. Rf2
$2 {[#]} (34. Be3) 34... Bd4 $1 35. Be3 Rg3 36. Bxd4 cxd4 {KR-KR} 37. Rf4 d3+
38. Kd1 {[#]} e3 $1 39. Re4 e2+ 40. Kd2 Kd7 41. b4 {
If White can now play c5 this consolidates a bit.} Kd6 42. a3 e5 43. Kc3 Ke6 (
43... b5 $142 44. Kd2 bxc4 45. Rxc4 Rxg2 46. Re4 Rg1 47. Kxd3 e1=Q 48. Rxe1
Rxe1 49. Kd2 Ra1 50. a4 Rxa4 51. Kc3 e4 52. Kd4 Rxb4+ 53. Ke3 Ke5 54. Ke2 a5
55. Ke3 a4 56. Kf2 a3 57. Kg3 a2 58. Kg2 Rb2+ 59. Kg3 a1=Q 60. Kh4 Qh1+ 61. Kg5
Rg2#) 44. Kd2 Kf5 45. Rh4 e4 46. Rh2 Ke5 {Black mates.} 47. Rh5+ {[#]} Kd4 $1
48. c5 Rxg2 {Accuracy: White = 27%, Black = 53%.} 0-1

[Event "St Louis IM"]
[Site "Saint Louis USA"]
[Date "2019.05.19"]
[Round "7.1"]
[White "Chiku-Ratte, Olivier-Kenta"]
[Black "Kiewra, Keaton"]
[Result "0-1"]
[WhiteElo "2378"]
[BlackElo "2375"]
[PlyCount "162"]
[EventDate "2019.05.16"]
[EventType "tourn"]
[EventRounds "9"]
[EventCountry "USA"]
[EventCategory "3"]
[Source "ChessMix"]
[SourceDate "2019.06.01"]

1. d4 d5 2. c4 e6 3. Nc3 Be7 4. cxd5 exd5 5. Bf4 c6 6. e3 Bd6 7. Bxd6 Qxd6 8.
Bd3 Ne7 {D31: Queen's Gambit Declined: Semi-Slav without ...Nf6 (+ Marshall
Gambit and Noteboom) and Exchange Variation lines without ...Nf6} 9. Qc2 g6 10.
O-O-O $146 ({Predecessor:} 10. Nf3 Bf5 11. Bxf5 Nxf5 12. O-O O-O 13. e4 Ne7 14.
Qb3 b6 15. Rfe1 Nd7 16. Rac1 {
1-0 (34) So,W (2776)-Stojanovic,D (2492) Batumi 2018}) 10... Bf5 {
The position is equal.} 11. Bxf5 Nxf5 12. Nge2 Nd7 13. Kb1 O-O-O 14. Nf4 Kb8
15. g4 Ng7 16. Nd3 Ne6 17. h4 h6 18. f4 f6 19. f5 gxf5 20. gxf5 Ng7 21. Qf2 Ne8
22. Rhg1 Qe7 (22... Ka8 $142) 23. Qf4+ (23. Nf4 $16) 23... Ka8 $14 24. Rg3 Nd6
25. b3 Ne4 26. Nxe4 dxe4 27. Nf2 Nb6 (27... Rhe8 $11 {keeps the balance.}) 28.
Qxe4 $16 Qd6 29. Rdg1 (29. Qg4 $16) 29... Rhe8 30. Qd3 Nd5 31. Kb2 Nb4 32. Qc4
Nd5 33. Qd3 Nb4 34. Qc3 Nd5 35. Qd2 c5 36. e4 {[#] Discovered Attack} Nc7 $1
37. d5 Nb5 38. a3 Qe5+ 39. Ka2 Nd6 40. Qc3 Qf4 41. Qe3 ({But not} 41. Qxc5 $2
Rc8 $19) 41... Qe5 $1 42. Ng4 (42. Qxc5 Rc8 $17) 42... Qe7 {
White must now prevent ...h5.} 43. Re1 (43. Nxh6 Nxe4 44. h5 Nxg3 $19) (43. Qd3
$11) 43... Nxe4 $17 ({Reject} 43... Qxe4 $6 44. Qxe4 Nxe4 45. Rge3 $14) 44. Nf2
Nxg3 45. Qxe7 Rxe7 46. Rxe7 Nxf5 $15 {Endgame KRN-KRN} 47. Rf7 a6 48. Rxf6 Rxd5
({Of course not} 48... Nxh4 $6 49. d6 $14) 49. Nh3 (49. Nd3 $17 {was necessary.
}) 49... h5 ({Better is} 49... Rd2+ $19 50. Kb1 Nd4 51. Rxh6 Rd3 {Double Attack
} 52. Rh8+ Ka7) 50. Nf4 Rd2+ 51. Kb1 {[#]} Nd4 $1 52. Nxh5 Nxb3 53. Ng3 (53.
Rf3 $17 Nd4 54. Rh3) 53... c4 54. Rf8+ (54. Ne4 $17 Rd4 55. Nd6) 54... Ka7 $19
55. Rc8 (55. Ne4 $142 Rd4 56. Nc3) 55... b5 {Strongly threatening ...Kb7.} 56.
Ne4 Rd4 57. Nc3 Rxh4 58. Nd5 Rh5 59. Rc7+ Kb8 60. Rd7 Nc5 61. Rd8+ Kb7 62. Kc2
Rh3 63. Rd6 (63. Nc3 {was the only chance.}) 63... Rxa3 64. Rb6+ Ka7 65. Rc6
Nd3 66. Rc7+ Kb8 {Hoping for ... Nb4+!} 67. Rc6 Ne5 68. Re6 Nf3 {
...Nd4+ is the strong threat.} 69. Rf6 Nd4+ 70. Kb2 Rb3+ 71. Ka2 a5 72. Rf7 c3
{( î (+) ...Rb2+)} 73. Rf8+ Kb7 {Black mates.} 74. Rf7+ Kc6 75. Ne7+ Kc5 76.
Rf2 b4 77. Ng6 Ra3+ 78. Kb1 c2+ 79. Kb2 Rb3+ 80. Ka2 c1=Q 81. Rf5+ Nxf5 {
Accuracy: White = 37%, Black = 76%.} 0-1

[Event "St Louis IM"]
[Site "Saint Louis USA"]
[Date "2019.05.20"]
[Round "8.5"]
[White "Chiku-Ratte, Olivier-Kenta"]
[Black "Rosen, Eric"]
[Result "0-1"]
[WhiteElo "2378"]
[BlackElo "2338"]
[PlyCount "64"]
[EventDate "2019.05.16"]
[EventType "tourn"]
[EventRounds "9"]
[EventCountry "USA"]
[EventCategory "3"]
[Source "ChessMix"]
[SourceDate "2019.06.01"]

1. d4 Nf6 2. c4 e6 3. Nc3 Bb4 4. e3 b6 5. Nge2 Ba6 6. Ng3 O-O 7. Bd3 {
E45: Nimzo-Indian: Rubinstein: 4...b6 5 Ne2 Ba6} d5 8. cxd5 Bxd3 9. Qxd3 {
The position is equal.} exd5 10. O-O Re8 11. f3 c5 $146 ({Predecessor:} 11...
Bf8 12. Kh1 Nc6 13. Bd2 Nb4 14. Qb1 c5 {
0-1 (40) Szuveges,G (2203)-Dgebuadze,A (2540) Helmondsee 2000}) 12. Nce2 Nc6 (
12... c4 $5 13. Qf5 Qd7 $11) 13. a3 (13. b3 $1 $11) 13... c4 $15 14. Qc2 Bd6
15. Nf5 Bf8 16. Nc3 a6 17. g4 b5 18. g5 Nh5 $1 19. Qg2 g6 20. Qg4 (20. Ng3 $15)
20... Ra7 21. Ng3 ({Better is} 21. Bd2) 21... Nxg3 $17 22. hxg3 Bg7 23. Kg2 {
[#]} Ne7 (23... Na5 $1 $17 24. Rb1 Nb3) 24. f4 (24. Bd2 $15) 24... Nf5 $19 {
Discovered Attack} 25. Qf3 {[#]} (25. Nd1 $142) 25... Rae7 $1 26. Nd1 Qd7 27.
Rh1 {[#] intending g4.} Bxd4 $1 28. exd4 (28. Re1 $142 f6 29. gxf6 Bxf6 30. Nc3
Bxc3 31. bxc3) 28... Nxd4 29. Qc3 Nb3 30. Rb1 Qf5 31. Nf2 Re2 32. Qf6 {[#]}
Qe4+ {Played: Re2xf2} 0-1

[Event "St Louis IM"]
[Site "Saint Louis USA"]
[Date "2019.05.21"]
[Round "9.2"]
[White "Jacobson, Aaron"]
[Black "Chiku-Ratte, Olivier-Kenta"]
[Result "0-1"]
[WhiteElo "2311"]
[BlackElo "2378"]
[PlyCount "102"]
[EventDate "2019.05.16"]
[EventType "tourn"]
[EventRounds "9"]
[EventCountry "USA"]
[EventCategory "3"]
[Source "ChessMix"]
[SourceDate "2019.06.01"]

1. e4 c5 2. Nf3 d6 3. d4 cxd4 4. Nxd4 Nf6 5. Nc3 g6 6. Be3 Bg7 7. f3 a6 8. Qd2
Nbd7 9. Be2 {B75: Sicilian Dragon: Yugoslav Attack, Miscellaneous} (9. a4 Ne5
10. Be2 Bd7 11. a5 Rc8 12. g4 Nc4 13. Bxc4 Rxc4 14. g5 Nh5 15. Nd5 O-O 16. Nb6
Rc7 {0-1 (67) Bacrot,E (2725)-Adhiban,B (2655) Riadh 2017}) 9... h5 10. O-O Ne5
11. Rad1 {White is better.} O-O $146 ({Predecessor:} 11... Bd7 12. Nd5 Nxd5 13.
exd5 Qc7 14. Rfe1 Nc4 15. Bxc4 Qxc4 16. Bg5 {
1-0 (42) Hirneise,J (2370) -Schnabel,B (2146) Heusenstamm 2018}) 12. h3 b5 (
12... Qc7 $16 {was necessary.}) 13. Qe1 (13. f4 $18) 13... Qc7 $11 14. a4 Nc4
15. Bc1 (15. Bxc4 $1 $11 bxc4 16. Bg5) 15... b4 ({Better is} 15... e5 $15 16.
Nb3 b4) 16. Na2 $14 a5 17. b3 Nb6 18. c3 d5 (18... bxc3 $16 19. Be3 (19. Qxc3
Qxc3 20. Nxc3 Bb7 $11) (19. Nxc3 Bb7 $14) 19... Bb7) 19. cxb4 $18 axb4 20. Qxb4
(20. Be3 $16) 20... dxe4 $14 21. fxe4 Bxh3 $1 {Hoping for ...Qg3!} 22. gxh3 (
22. Qc3 $14 Qxc3 23. Nxc3) 22... Qg3+ $15 {[#] Double Attack} 23. Kh1 Qxh3+ 24.
Kg1 Qg3+ 25. Kh1 {And now Rf3 would win.} Nxe4 26. Qxb6 $4 (26. Nc6 $11 Qh3+
27. Kg1 Qg3+ 28. Kh1 Qh4+ 29. Kg1 Qg3+ 30. Kh1) 26... Rab8 27. Qc6 (27. Qa5
$142 Be5 28. Qxe5 Qxe5 29. Bf4) 27... Be5 $19 28. Nf3 Rxb3 {( î (+) ...Qh3+)}
29. Bd3 Qh3+ 30. Kg1 Qg4+ 31. Kh1 Ng3+ {Double Attack} 32. Kg2 Nf5+ 33. Kf2
Bg3+ 34. Kg2 {[#] Bxf5 is the strong threat.} Bb8+ (34... Rb2+ $142 $1 35. Bc2
(35. Bxb2 Ne3+) 35... Bb8+ 36. Kf2 Ba7+ 37. Ke2 Qg2+ 38. Ke1 Rxc2 39. Qxc2 Qxc2
) 35. Kf2 Bg3+ $2 (35... Rd8 $19 36. Qc2 (36. Bxf5 $2 Ba7+ 37. Ke1 Qg3+ 38. Ke2
Qg2+ 39. Ke1 Rxd1+ {Overworked Piece} 40. Kxd1 Qxf1+ 41. Kc2 Rxf3 $19) 36...
Bg3+ 37. Kg1 Bc7+ 38. Qg2 Rdxd3 39. Qxg4 hxg4 40. Rxd3 Rxd3) 36. Kg1 $2 (36.
Kg2 $11 Rb2+ {Double Attack} 37. Bc2 (37. Bxb2 $2 {is a self mate.} Ne3+ {
Double Attack} 38. Kh1 Qh3+ {Double Attack} 39. Kg1 Qg2#) 37... Bb8+ 38. Kf2
Ba7+ 39. Ke1 Qg3+ 40. Ke2 Qg2+ 41. Ke1 Rxc2 42. Qxc2 {Remove Defender} Qxc2 43.
Rd2) 36... Bb8+ 37. Kf2 Rd8 38. Nc3 $2 (38. Bxf5 Ba7+ 39. Ke2 (39. Ke1 $2 Qg3+
40. Ke2 Qg2+ 41. Ke1 Rxd1+ {Overworked Piece} 42. Kxd1 Qxf1+ 43. Kc2 Rxf3 $19)
39... Qg2+ 40. Ke1 Rxd1+ {Overworked Piece} 41. Kxd1 Qxf1+ 42. Ne1 Qxf5 43. Nc3
) 38... Ba7+ $2 (38... Rb2+ $19 {has better winning chances.} 39. Rd2 Rxd2+ 40.
Bxd2 Bg3+ 41. Kg1 Rxd3) 39. Ke1 $17 Qg3+ 40. Kd2 $4 (40. Ke2 $17) 40... Ne3 $19
{Strongly threatening ...Qg2+. Double Attack} 41. Rde1 (41. Ne4 $142 Rbxd3+ 42.
Ke2 Nxd1 43. Nxg3 Nc3+ 44. Qxc3 Rxc3 45. Re1) 41... Qg2+ {Double Attack} 42.
Re2 Qxf1 43. Ne1 Qf4 44. Nf3 Nd5+ {Discovered Attack} 45. Kc2 Rxc3+ 46. Qxc3
Qxc1+ (46... Nxc3 $2 47. Bxf4 Nxe2 48. Bxe2 $19) (46... Qxa4+ $142 47. Kd2 Nxc3
48. Kxc3 Rc8+ 49. Kb2 Bd4+ 50. Nxd4 Qxd4+ {Double Attack} 51. Ka2 Qxd3 52. Rxe7
Ra8+ 53. Kb2 Rb8+ 54. Rb7 Rxb7+ 55. Ka2 Qc2+ {Double Attack} 56. Ka3 Qb3#) 47.
Kxc1 {Black is clearly winning.} Nxc3 48. Rxe7 Rxd3 49. Ne5 Re3 50. a5 Re2 51.
Nxg6 Be3+ {Accuracy: White = 33%, Black = 45%.} 0-1

[Event "Quebec-ch U20"]
[Site "Montreal CAN"]
[Date "2019.04.27"]
[Round "3.3"]
[White "Zheng, Richard"]
[Black "Chiku-Ratte, Olivier-Kenta"]
[Result "0-1"]
[WhiteElo "2150"]
[BlackElo "2434"]
[PlyCount "106"]
[EventDate "2019.04.26"]
[EventType "swiss"]
[EventRounds "5"]
[EventCountry "CAN"]

1. b3 g6 2. Bb2 Nf6 3. Nc3 d5 4. d4 Bg7 5. Qd2 O-O 6. O-O-O Be6 7. f3 c5 8.
dxc5 Na6 9. e4 dxe4 10. Qxd8 Raxd8 11. Rxd8 Rxd8 12. Bxa6 bxa6 13. Nge2 exf3
14. gxf3 Bh6+ 15. Kb1 Be3 16. c6 Rc8 17. Rd1 Rxc6 18. Ne4 Kg7 19. Be5 Bh3 20.
Nd4 Rc8 21. Re1 Bh6 22. c4 Bd7 23. c5 a5 24. f4 a6 25. Kb2 Bb5 26. a4 Bd3 27.
Nxf6 exf6 28. Bd6 f5 29. c6 Be4 30. c7 Kg8 31. Ne2 Bf8 32. Be5 f6 33. Bxf6 Rxc7
34. Nc3 Bb7 35. Rd1 Rc6 36. Be5 Bc8 37. Nd5 Kf7 38. Rd3 Bd6 39. Bxd6 Rxd6 40.
Kc3 Be6 41. Rd4 h6 42. h4 g5 43. hxg5 hxg5 44. fxg5 Rxd5 45. Rxd5 f4 46. Kd4
Bxd5 47. Kxd5 f3 48. Kc5 f2 49. Kb6 f1=Q 50. Kxa5 Qd3 51. b4 Qc3 52. Kxa6 Qxb4
53. a5 Kg6 0-1

[Event "Quebec-ch U20"]
[Site "Montreal CAN"]
[Date "2019.04.28"]
[Round "4.1"]
[White "Rodrigue-Lemieux, Shawn"]
[Black "Chiku-Ratte, Olivier-Kenta"]
[Result "0-1"]
[WhiteElo "2372"]
[BlackElo "2434"]
[PlyCount "56"]
[EventDate "2019.04.26"]
[EventType "swiss"]
[EventRounds "5"]
[EventCountry "CAN"]

1. Nf3 f5 2. d3 Nf6 3. g3 g6 4. Bg2 Bg7 5. O-O O-O 6. e4 d6 7. Re1 e5 8. exf5
Bxf5 9. Nh4 Bg4 10. f3 Bd7 11. c3 Qc8 12. f4 Nc6 13. fxe5 Nxe5 14. d4 Nc6 15.
Bg5 Ng4 16. Rf1 Rxf1+ 17. Bxf1 Qe8 18. Bh3 Nf2 19. Qb3+ Kh8 20. Bxd7 Qe1+ 21.
Kg2 Rf8 22. Bf4 Nd3 23. Bh3 Qe4+ 24. Kg1 Nxd4 25. Nd2 Ne2+ 26. Kf1 Qe3 27. Ne4
Nexf4 28. gxf4 Qxh3+ 0-1

[Event "Quebec-ch U20"]
[Site "Montreal CAN"]
[Date "2019.04.28"]
[Round "5.1"]
[White "Chiku-Ratte, Olivier-Kenta"]
[Black "Ouellet, Maili-Jade"]
[Result "1/2-1/2"]
[WhiteElo "2434"]
[BlackElo "2237"]
[PlyCount "107"]
[EventDate "2019.04.26"]
[EventType "swiss"]
[EventRounds "5"]
[EventCountry "CAN"]

1. d4 d5 2. c4 e6 3. Nc3 c6 4. e3 f5 5. Bd3 Nf6 6. Nge2 Bd6 7. Qc2 O-O 8. f3
Nbd7 9. Bd2 Qe7 10. O-O-O Kh8 11. cxd5 Nxd5 12. Nxd5 cxd5 13. Nc3 Nb6 14. Kb1
e5 15. Nb5 e4 16. Be2 Bd7 17. Qb3 Bxb5 18. Qxb5 Rac8 19. f4 Rc6 20. Rc1 Rfc8
21. Rxc6 Rxc6 22. Rc1 a6 23. Qa5 Qc7 24. Rxc6 Qxc6 25. Bb4 Kg8 26. Bxd6 Qxd6
27. Qc5 Qd8 28. g3 Kf7 29. b3 Ke6 30. a4 Qd6 31. g4 g6 32. g5 Nd7 33. Qxd6+
Kxd6 34. b4 Kc6 35. a5 Nf8 36. Kb2 Ne6 37. Kb3 Nc7 38. h4 Nb5 39. Bf1 Kd6 40.
Kb2 Ke6 41. Be2 Kd6 42. h5 Ke6 43. Kb3 Kd6 44. Bd1 Ke6 45. Kb2 Kd6 46. h6 Ke6
47. Be2 Kf7 48. Kb3 Ke6 49. Kb2 Kf7 50. Bd1 Ke6 51. Bb3 Kd6 52. Bc2 Kc6 53. Ba4
Kd6 54. Bxb5 1/2-1/2

[Event "CAN-ch"]
[Site "Kingston CAN"]
[Date "2019.04.18"]
[Round "1.7"]
[White "Huang, Qiuyu"]
[Black "Chiku-Ratte, Olivier-Kenta"]
[Result "0-1"]
[WhiteElo "2145"]
[BlackElo "2406"]
[PlyCount "64"]
[EventDate "2019.04.18"]
[EventType "swiss"]
[EventRounds "9"]
[EventCountry "CAN"]

1. e4 g6 2. d4 Bg7 3. Nc3 d6 4. Bg5 Nf6 5. Qd2 c6 6. Nge2 b5 7. f3 Nbd7 8. a4
b4 9. Na2 a5 10. Bh6 Bxh6 11. Qxh6 Qb6 12. Nac1 Ba6 13. Nb3 c5 14. dxc5 dxc5
15. Qe3 Qc7 16. Ng3 Bxf1 17. Nxf1 c4 18. Nd4 O-O 19. Nd2 Qc5 20. Ke2 Rfc8 21.
b3 Nb6 22. Nb5 Qc6 23. Rhd1 Nfd7 24. Nf1 Nc5 25. Rd4 Qe6 26. Nd2 c3 27. Nc4
Ncxa4 28. Nxa5 Qe5 29. Rxb4 Qxh2 30. Raxa4 Nxa4 31. Rxa4 Qxg2+ 32. Qf2 Qg5 0-1

[Event "CAN-ch"]
[Site "Kingston CAN"]
[Date "2019.04.19"]
[Round "2.6"]
[White "Chiku-Ratte, Olivier-Kenta"]
[Black "Javidfard, Amirsalar"]
[Result "1-0"]
[WhiteElo "2406"]
[BlackElo "2024"]
[PlyCount "83"]
[EventDate "2019.04.18"]
[EventType "swiss"]
[EventRounds "9"]
[EventCountry "CAN"]

1. d4 d5 2. c4 e6 3. Nc3 Bb4 4. Nf3 Nf6 5. cxd5 exd5 6. Bg5 Nbd7 7. e3 c5 8.
Bd3 Qa5 9. Qc2 c4 10. Bf5 O-O 11. O-O g6 12. Bh3 Re8 13. Rac1 Bxc3 14. bxc3 Ne4
15. Bf4 Nb6 16. Bxc8 Raxc8 17. Nd2 Na4 18. Nxe4 dxe4 19. f3 f5 20. g4 Nb6 21.
Be5 Nd5 22. Qd2 Qd8 23. Rb1 b6 24. gxf5 Qg5+ 25. Kh1 Qxf5 26. f4 Qh3 27. Rbe1
Rf8 28. Rg1 Qf3+ 29. Rg2 b5 30. a3 a5 31. Kg1 b4 32. axb4 axb4 33. Rg3 Qh5 34.
cxb4 Qf5 35. Rg5 c3 36. Qc2 Qe6 37. Qxe4 c2 38. Rc1 Nc3 39. Qg2 Nd1 40. Rxc2
Nxe3 41. Qb7 Qf7 42. Qxc8 1-0

[Event "CAN-ch"]
[Site "Kingston CAN"]
[Date "2019.04.19"]
[Round "3.1"]
[White "Yang, Kaiqi"]
[Black "Chiku-Ratte, Olivier-Kenta"]
[Result "1/2-1/2"]
[WhiteElo "2505"]
[BlackElo "2406"]
[PlyCount "64"]
[EventDate "2019.04.18"]
[EventType "swiss"]
[EventRounds "9"]
[EventCountry "CAN"]

1. c4 Nf6 2. Nf3 g6 3. g3 Bg7 4. Bg2 O-O 5. Nc3 d6 6. d4 c5 7. O-O Nc6 8. dxc5
dxc5 9. Be3 Be6 10. Bxc5 Qa5 11. Ba3 Bxc4 12. Nd2 Be6 13. Qa4 Qxa4 14. Nxa4
Rfd8 15. Rfd1 Bg4 16. Nc3 Nd7 17. h3 Be6 18. Nd5 Bxd5 19. Bxd5 Nb6 20. Bxc6
bxc6 21. Ne4 Rd5 22. Bxe7 Re5 23. Nf6+ Kh8 24. Rd8+ Rxd8 25. Bxd8 Re6 26. Ng4
Rxe2 27. Rc1 h5 28. Ne3 Rxb2 29. Rxc6 Rxa2 30. Bxb6 axb6 31. Rxb6 Bd4 32. Rb3
Kg7 1/2-1/2

[Event "CAN-ch"]
[Site "Kingston CAN"]
[Date "2019.04.20"]
[Round "4.3"]
[White "Chiku-Ratte, Olivier-Kenta"]
[Black "Thavandiran, Shiyam"]
[Result "1/2-1/2"]
[WhiteElo "2406"]
[BlackElo "2412"]
[PlyCount "67"]
[EventDate "2019.04.18"]
[EventType "swiss"]
[EventRounds "9"]
[EventCountry "CAN"]

1. d4 Nf6 2. c4 e6 3. Nf3 c5 4. d5 exd5 5. cxd5 d6 6. Nc3 g6 7. Bf4 a6 8. a4
Bg7 9. e3 O-O 10. h3 Ne8 11. Nd2 Nd7 12. Be2 Ne5 13. O-O f5 14. Bh2 Rb8 15. a5
Bd7 16. Qc2 Nc7 17. Nc4 Nxc4 18. Bxc4 b5 19. axb6 Rxb6 20. Ra2 Qb8 21. b3 Qb7
22. Na4 Bxa4 23. Rxa4 Re8 24. Rd1 Nb5 25. Rd3 Bf6 26. Bg3 Kg7 27. Ra5 h5 28. f3
h4 29. Bf2 Re7 30. Qd2 Re8 31. Qa2 Nc3 32. Qc2 Nb5 33. Qa2 Nc3 34. Qc2 1/2-1/2

[Event "CAN-ch"]
[Site "Kingston CAN"]
[Date "2019.04.20"]
[Round "5.3"]
[White "Hambleton, Aman"]
[Black "Chiku-Ratte, Olivier-Kenta"]
[Result "1/2-1/2"]
[WhiteElo "2484"]
[BlackElo "2406"]
[PlyCount "54"]
[EventDate "2019.04.18"]
[EventType "swiss"]
[EventRounds "9"]
[EventCountry "CAN"]

1. d4 Nf6 2. Bf4 g6 3. Nf3 Bg7 4. e3 d6 5. h3 O-O 6. c3 c5 7. Nbd2 Nc6 8. Be2
cxd4 9. cxd4 e5 10. dxe5 dxe5 11. Nxe5 Nd5 12. Nxc6 bxc6 13. Nc4 Nxf4 14. exf4
Be6 15. O-O Qh4 16. Qc1 Bh6 17. Bg4 Bxg4 18. hxg4 Qxg4 19. g3 Bg7 20. Qd1 Qe6
21. Rc1 Rfd8 22. Qf3 Qd5 23. Kg2 a5 24. b3 Qxf3+ 25. Kxf3 a4 26. Nb6 Rab8 27.
Nxa4 Rd2 1/2-1/2

[Event "CAN-ch"]
[Site "Kingston CAN"]
[Date "2019.04.21"]
[Round "6.4"]
[White "Chiku-Ratte, Olivier-Kenta"]
[Black "Dukic, Zachary"]
[Result "0-1"]
[WhiteElo "2406"]
[BlackElo "2167"]
[PlyCount "82"]
[EventDate "2019.04.18"]
[EventType "swiss"]
[EventRounds "9"]
[EventCountry "CAN"]

1. d4 Nf6 2. c4 g6 3. f3 Bg7 4. e4 d6 5. Ne2 O-O 6. Nbc3 c5 7. Be3 Nc6 8. d5
Ne5 9. Ng3 h5 10. Be2 h4 11. Nf1 e6 12. Nd2 exd5 13. cxd5 a6 14. a4 h3 15. g3
Bd7 16. O-O b5 17. Qc2 bxa4 18. Nc4 Nxc4 19. Bxc4 Ne8 20. Nxa4 Bb5 21. Rab1
Bxc4 22. Qxc4 Qa5 23. b3 Nc7 24. f4 Nb5 25. Rbd1 Na3 26. Qc1 Qb4 27. Nb6 Qxe4
28. Rf2 Rae8 29. Re1 Bd4 30. Rfe2 Nc2 31. Rxc2 Bxe3+ 32. Rxe3 Qxe3+ 33. Qxe3
Rxe3 34. Nc4 Rxb3 35. Nxd6 Rfb8 36. Rxc5 Rb2 37. Rc1 Rg2+ 38. Kf1 Rxh2 39. Kg1
Rbb2 40. Rc8+ Kh7 41. Nc4 Rbg2+ 0-1

[Event "CAN-ch"]
[Site "Kingston CAN"]
[Date "2019.04.21"]
[Round "7.6"]
[White "Plotkin, Victor"]
[Black "Chiku-Ratte, Olivier-Kenta"]
[Result "0-1"]
[WhiteElo "2304"]
[BlackElo "2406"]
[PlyCount "98"]
[EventDate "2019.04.18"]
[EventType "swiss"]
[EventRounds "9"]
[EventCountry "CAN"]

1. e4 d6 2. d4 Nf6 3. Nc3 g6 4. Be3 Bg7 5. f3 c6 6. a4 O-O 7. h4 Nh5 8. Nge2 f5
9. exf5 gxf5 10. Qd2 Qe8 11. O-O-O Qf7 12. g4 fxg4 13. fxg4 Bxg4 14. Rg1 Nf6
15. Bh6 Kh8 16. Bxg7+ Qxg7 17. Bh3 Rg8 18. Rdf1 Nbd7 19. h5 Qg5 20. Nf4 Qh6 21.
Bxg4 Nxg4 22. Qe2 Ngf6 23. Rxg8+ Nxg8 24. Qg4 Ndf6 25. Qe6 Qg5 26. Kb1 Qg4 27.
Qf7 Qg7 28. Qe6 Rf8 29. Rh1 Qh6 30. Rh4 Qg5 31. Qh3 Nh6 32. Ne6 Qg1+ 33. Ka2
Rg8 34. Rf4 Qe1 35. Rf3 a6 36. Re3 Qc1 37. Re2 Nhg4 38. Qf3 Qh6 39. Nf4 Qg7 40.
b3 Qf7 41. Qh3 Nh6 42. Rf2 Qg7 43. Rg2 Nfg4 44. Ne6 Qf6 45. Re2 Qf5 46. Qh1 Nf6
47. Nc7 Qa5 48. Qc1 Nf5 49. Qf4 Qxc3 0-1

[Event "CAN-ch"]
[Site "Kingston CAN"]
[Date "2019.04.22"]
[Round "8.5"]
[White "Chiku-Ratte, Olivier-Kenta"]
[Black "Findlay, Ian"]
[Result "1/2-1/2"]
[WhiteElo "2406"]
[BlackElo "2233"]
[PlyCount "138"]
[EventDate "2019.04.18"]
[EventType "swiss"]
[EventRounds "9"]
[EventCountry "CAN"]

1. d4 Nf6 2. c4 c5 3. d5 e6 4. Nc3 exd5 5. cxd5 d6 6. e4 g6 7. f4 Bg7 8. Bb5+
Nfd7 9. Nf3 a6 10. Bd3 b5 11. O-O O-O 12. Kh1 b4 13. Ne2 a5 14. f5 Ba6 15. Bg5
Nf6 16. Bxa6 Rxa6 17. Qd3 Ra8 18. Nd2 Qe7 19. Nf4 Nbd7 20. Rae1 Rfe8 21. Qh3
Qf8 22. g4 c4 23. Bxf6 Bxf6 24. fxg6 hxg6 25. g5 Bxb2 26. Qxd7 Bc3 27. Re2 Bxd2
28. Rxd2 Qe7 29. Qxe7 Rxe7 30. Rd4 Rc8 31. Rc1 Rec7 32. Ne2 c3 33. Kg2 Rc4 34.
Kf3 c2 35. Ke3 a4 36. Rd3 Rb8 37. Nd4 Rxd4 38. Kxd4 b3 39. axb3 axb3 40. Rxb3
Rxb3 41. Rxc2 Kf8 42. Rc8+ Ke7 43. Rc7+ Ke8 44. e5 Rb4+ 45. Ke3 Rg4 46. exd6
Rxg5 47. Kd4 Rf5 48. Re7+ Kd8 49. Re2 Rf1 50. Re7 Rf6 51. Ra7 Rf2 52. d7 g5 53.
Kc5 Rf6 54. h3 Rh6 55. Rb7 Rf6 56. Kd4 Rh6 57. Kc5 Rf6 58. Ra7 Rh6 59. Rb7 Rf6
60. Kd4 Rh6 61. Kc5 Rf6 62. d6 Rf3 63. Kc6 Rc3+ 64. Kd5 Rxh3 65. Rb8+ Kxd7 66.
Rb7+ Kd8 67. Rxf7 Rd3+ 68. Ke5 g4 69. Rg7 g3 1/2-1/2

[Event "CAN-ch"]
[Site "Kingston CAN"]
[Date "2019.04.22"]
[Round "9.4"]
[White "Plotkin, Mark"]
[Black "Chiku-Ratte, Olivier-Kenta"]
[Result "1-0"]
[WhiteElo "2326"]
[BlackElo "2406"]
[PlyCount "85"]
[EventDate "2019.04.18"]
[EventType "swiss"]
[EventRounds "9"]
[EventCountry "CAN"]

1. e4 c5 2. d4 cxd4 3. c3 Nf6 4. e5 Nd5 5. Nf3 Nc6 6. Bc4 Nb6 7. Bb3 g6 8. Ng5
e6 9. cxd4 d5 10. Nc3 Bg7 11. Bc2 O-O 12. h4 h6 13. h5 hxg5 14. hxg6 fxg6 15.
Bxg6 Rf5 16. Nb5 a6 17. Bxf5 exf5 18. Nd6 Be6 19. Qh5 f4 20. Bxf4 gxf4 21. Rh4
Qxh4 22. Qxh4 Nc4 23. Nxc4 dxc4 24. Rd1 Bd5 25. Qxf4 Nb4 26. Qg4 Nd3+ 27. Rxd3
cxd3 28. f4 Bxa2 29. f5 Kf8 30. Qh3 Rd8 31. Qe3 Bc4 32. f6 Bh8 33. Qe4 b5 34.
g4 Bxf6 35. Qf4 Ke8 36. exf6 Kf8 37. Qh6+ Ke8 38. Qe3+ Kd7 39. Qe7+ Kc8 40. f7
d2+ 41. Kxd2 Rxd4+ 42. Kc3 Rd3+ 43. Kc2 1-0